| 000 -ლიდერი |
| ფიქსირებული სიგრძის საკონტროლო ველი |
01047nam a2200241Ia 4500 |
| 001 - საკონტროლო ნომერი |
| საკონტროლო ველი |
8183 |
| 003 - საკონტროლო ნომრის იდენტიფიკატორი |
| საკონტროლო ველი |
GE_BSU |
| 005 - ბოლო ოპერაციის თარიღი და დრო |
| საკონტროლო ველი |
20240403160625.0 |
| 008 - ფიქსირებული სიგრძის მონაცემთა ელემენტები - ზოგადი ინფორმაცია |
| ფიქსირებული სიგრძის საკონტროლო ველი |
181216s2009||||ge |||||||||||||| ||geo|| |
| 020 ## - წიგნის საერთაშორისო სტანდარტული ნომერი |
| International Standard Book Number |
15122247 |
| 040 ## - კატალოგიზაციის წყარო |
| Transcribing agency |
GE_BSU |
| 041 ## - ენის კოდი |
| Language code of text/sound track or separate title |
geo |
| 080 ## - უნივერსალური ათობითი კლასიფიკაციის ინდექსი |
| Universal Decimal Classification number |
821.111-1+821.161.1-1+821.222.1+811.411.21 ა–96 |
| 245 ## - ცნობა სათაურის შესახებ |
| Title |
ახალი თარგმანები 7 / |
| Statement of responsibility, etc |
მთ. რედ. გიორგი ლობჟანიძე ; რედ. ანა ჭაბაშვილი. |
| 264 ## - წარმოების, გამოცემის, დისტრიბუციის და სხვა ცნობები |
| გამოცემის, წარმოების, დისტრიბუციის... ადგილი |
თბილისი : |
| გამოცემის, წარმოების, დისტრიბუციის... სახელწოდება |
დიოგენე, |
| გამოცემის, წარმოების, დისტრიბუციის... თარიღი |
2009. |
| 300 ## - ფიზიკური აღწერა |
| Extent |
212 გვ.; |
| Dimensions |
24 სმ. |
| 490 ## - სერიის ცნობა |
| Series statement |
ლიტერატურული ალმანახი ”ახალი თარგმანები” |
| Volume number/sequential designation |
7 |
| 653 ## - INDEX TERM--UNCONTROLLED |
| Uncontrolled term |
ახალი თარგმანები |
| 700 ## - ADDED ENTRY--PERSONAL NAME |
| Personal name |
ლობჟანიძე, გიორგი |
| Relator term |
მთ. რედაქტორი |
| 9 (RLIN) |
6092 |
| 700 ## - ADDED ENTRY--PERSONAL NAME |
| Personal name |
ჭაბაშვილი, ანა |
| Relator term |
რედაქტორი |
| 9 (RLIN) |
995 |
| 942 ## - ADDED ENTRY ELEMENTS (KOHA) |
| Koha item type |
წიგნი |
| Source of classification or shelving scheme |
|